L'enseignement de la chimie et les techniques audio-visuelles

में बचाया:
ग्रंथसूची विवरण
स्वरूप: पुस्तक
भाषा:Undetermined
प्रकाशित: Paris Fernand Nathan 1977
विषय:
टैग : टैग जोड़ें
कोई टैग नहीं, इस रिकॉर्ड को टैग करने वाले पहले व्यक्ति बनें!
Thư viện lưu trữ: Trung tâm Học liệu Trường Đại học Cần Thơ
LEADER 00441nam a2200145Ia 4500
001 CTU_6419
008 210402s9999 xx 000 0 und d
082 |a 371.333 
082 |b E56 
245 0 |a L'enseignement de la chimie et les techniques audio-visuelles 
260 |a Paris 
260 |b Fernand Nathan 
260 |c 1977 
650 |a chemistry - study and teaching ( elementary ) 
980 |a Trung tâm Học liệu Trường Đại học Cần Thơ